A quel groupe parlementaire européen est affilié ce parti français ? - Statistiques

Statistiques générales
  • Ce quiz a été pris 435 fois
    14 depuis la dernière actualisation
  • Le résultat moyen est 5 sur 7
Statistiques - réponses
Hint Réponse % Correct
Europe Écologie Les Verts Groupe des Verts / Alliance libre européenne (Verts/ALE)
92%
Renaissance Renew Europe (RE)
83%
Parti Socialiste Alliance progressiste des socialistes et démocrates (S&D)
75%
Identité-Libertés / Reconquête Conservateurs et réformistes européens (CRE/ECR)
75%
La France Insoumise La Gauche (GUE/NGL)
75%
Rassemblement National Patriotes pour l'Europe (PfE)
75%
Les Républicains
Parti populaire européen (PPE)
42%
Aucun quiz correspondant
Distribution des résultats
% des personnes avec chaque résultat
Percentile par nombre de réponses
Votre historique - résultats
Vous n’avez pas pris ce quiz depuis la dernière actualisation